| 000 | 00635nam a2200217 a 4500 | ||
|---|---|---|---|
| 003 | PILC | ||
| 005 | 20160224154224.0 | ||
| 008 | 060901s19uu xx 00 eng d | ||
| 020 | _a978750678117 | ||
| 050 |
_aG 155.A1 _b.J46 2006 |
||
| 100 | _aJennings, Gayle. | ||
| 245 |
_aQuality tourism experiences / _cGayle Jennings, Norma Polovitz Nickerson. |
||
| 260 |
_aAmsterdam : _bElseviere Butterworth Heinemann, _c2006. |
||
| 300 |
_a253 pages ; _c21 cm. |
||
| 500 | _aIncludes index. | ||
| 650 | _aTourism. | ||
| 650 | _aQuality (Aesthetics). | ||
| 700 | _aNickerson, Norma Polovitz. | ||
| 942 |
_cBK _2lcc _kFOR |
||
| 999 |
_c21618 _d21618 |
||